000 00634nam a2200217 i 4500
001 bg
100 1 _aNOWAKOWSKI, Janusz
245 0 0 _aPodstawy automatyki.
_nT. 2 /
_cNowakowski Janusz ; Politechnika Gdańska.
250 _a[Wyd. 2].
260 _aGdańsk :
_bWydaw. PG,
_c1994.
300 _a171, [1] s. :
_brys., wykr. ;
_c24 cm.
504 _aBibliogr. s. [172].
521 _aSkrypt dla studentów kierunku Informatyka i Elektronika.
650 9 _aAutomatyka
655 _aPodręczniki akademickie
040 _cBPK
041 0 _apl
080 _a681.5(075.8)
942 _cKS
008 s pl f |000 0 pol
999 _c6764
_d6764
856 _uhttp://koha.tu.koszalin.pl/cgi-bin/koha/opac-detail.pl?biblionumber=6764
_yKatalog online BPK